000 00428nam a2200157Ia 4500
008 210716s2014 xx 000 0 und d
020 _a9789351106951
041 _aeng
082 _a004.607 SEVR
100 _aSeverdia, Ron;Gress, Jennifer.
245 _aUsing joomla.
250 _a2
260 _aNew Delhi
_bShroff Publishers and Distributors Pvt Ltd
_c2014
300 _axx,336,23
650 _aWeb Design & Development
999 _c194831
_d194831